| 000 | 06041cam a22018014i 4500 | ||
|---|---|---|---|
| 003 | PE-LiUPU | ||
| 005 | 20250813165947.0 | ||
| 008 | 150706s2013 sp a rb 000 0 spa d | ||
| 020 | _a9788415581345 | ||
| 035 | _a(Sirsi) i9788415581345 | ||
| 040 |
_aPE-LiUPU _bspa _cPE-LiUPU _erda |
||
| 049 | _aPRUA | ||
| 082 | 0 | 4 |
_a658.15 _bM22 _221 |
| 245 | 0 | 0 |
_aManual de corporate finance y banca de inversión / _cJosé María Revello de Toro Cabello (coordinador). |
| 264 | 1 |
_aCollado Villalba, Madrid : _bDelta Publicaciones, _c2013. |
|
| 300 |
_axv, 619 páginas : _bilustraciones ; _c26 centímetros |
||
| 336 |
_atext _2rdacontent |
||
| 337 |
_aunmediated _2rdamedia |
||
| 338 |
_avolume _2rdacarrier |
||
| 500 | _aEn la cubierta.: Incluye modelos financieros de valoración de empresas, compras apalancadas (LBO) y Project Finance. | ||
| 504 | _aIncluye referencias bibliográficas al final de cada capítulo. | ||
| 505 | 0 | _aValoración de empresas -- Métodos de valoración -- Estructura financiera y generación de fondos -- La valoración por descuento de flujos (discounted cash-flow) -- La valoración de empresas por múltiplos (múltiples) -- Fundamentos de valoración de marcas (Brand valuation) -- Valoración de proyectos empresariales con opciones reales -- Mercados de capitales -- ¿Qué se entiende por mercado de capitales? -- Mercado de préstamos sindicados -- Mercado de bonos -- Mercado de híbridos de capital -- Productos derivados aplicados al corporate -- Titulización -- Introducción, definición y conceptos básicos -- El mercado de la titulización -- Marco legal de la titulización bajo ley española -- Entorno contable y regulatorio de la titulización -- Estructuración del pasivo de una titulización. Las mejoras crediticias -- Las agencias de calificación y la titulización -- La titulización sintética -- Las titulizaciones corporativas -- Financiación de proyectos: Project finance -- Introducción al Pproject finance -- Sectores en donde se aplica la financiación de proyectos -- Principales actores en un project finance -- Análisis de los riesgos -- El modelo financiero o caso base -- Los principales contratos que forman parte del project finance -- Term sheet -- Los proyectos de cooperación público-privada -- Fusiones y adquisiciones (F&A) -- Principales motivos de las fusiones y adquisiciones -- Cómo es un proceso de fusiones y adquisiciones -- Estructura de financiación en una fusión -- Estructura de financiación en una adquisición -- Private equity y venture capital -- ¿Qué es el private equity? -- Instrumentación y rentabilidad de operaciones de private equity -- Las financiaciones estructurales en el comercio exterior -- Crédito comprador -- Crédito suministrador -- Créditos mixtos -- Seguros privados dentro de la financiación de exportaciones. | |
| 526 | _aP203 | ||
| 526 | _aP200 | ||
| 526 | _aSEG65 | ||
| 526 | _aSEG64 | ||
| 526 | _aSEG63 | ||
| 526 | _aSEG62 | ||
| 526 | _aSEG61 | ||
| 526 | _aSEG60 | ||
| 526 | _aSEG59 | ||
| 526 | _aSEG58 | ||
| 526 | _aSEG57 | ||
| 526 | _aSEG56 | ||
| 526 | _aSEG55 | ||
| 526 | _aSEG54 | ||
| 526 | _aSEG53 | ||
| 526 | _aSEG52 | ||
| 526 | _aSEG51 | ||
| 526 | _aSEG50 | ||
| 526 | _aSEG49 | ||
| 526 | _aSEG48 | ||
| 526 | _aSEG47 | ||
| 526 | _aSEG46 | ||
| 526 | _aSEG24 | ||
| 526 | _aSEG23 | ||
| 526 | _aSEG22 | ||
| 526 | _aSEG21 | ||
| 526 | _aSEG20 | ||
| 526 | _aSEG19 | ||
| 526 | _aSEG18 | ||
| 526 | _aSEG17 | ||
| 526 | _aSEG16 | ||
| 526 | _aSEG14 | ||
| 526 | _aSEG13 | ||
| 526 | _aSEG12 | ||
| 526 | _aSEG11 | ||
| 526 | _aSEG10 | ||
| 526 | _aSEG09 | ||
| 526 | _aSEG06 | ||
| 526 | _aSEG05 | ||
| 526 | _aSEG04 | ||
| 526 | _aSEG03 | ||
| 526 | _aSEG02 | ||
| 526 | _aSEG68 | ||
| 526 | _aSEG66 | ||
| 526 | _aSEG45 | ||
| 526 | _aSEG25 | ||
| 526 | _aSEG01 | ||
| 526 | _aP163 | ||
| 526 | _aP162 | ||
| 526 | _aP161 | ||
| 526 | _aP160 | ||
| 526 | _aP159 | ||
| 526 | _aP158 | ||
| 526 | _aP157 | ||
| 526 | _aP156 | ||
| 526 | _aP155 | ||
| 526 | _aP154 | ||
| 526 | _aP153 | ||
| 526 | _aP152 | ||
| 526 | _aP151 | ||
| 526 | _aP150 | ||
| 526 | _aP149 | ||
| 526 | _aP142 | ||
| 526 | _aP141 | ||
| 526 | _aP140 | ||
| 526 | _aP139 | ||
| 526 | _aP138 | ||
| 526 | _aP137 | ||
| 526 | _aP132 | ||
| 526 | _aP131 | ||
| 526 | _aP130 | ||
| 526 | _aP126 | ||
| 526 | _aP125 | ||
| 526 | _aP124 | ||
| 526 | _aP123 | ||
| 526 | _aP115 | ||
| 526 | _aP122 | ||
| 526 | _aP121 | ||
| 526 | _aP116 | ||
| 526 | _a P114 | ||
| 526 | _aP112 | ||
| 526 | _aP111 | ||
| 526 | _aP104 | ||
| 526 | _aP103 | ||
| 526 | _aP102 | ||
| 526 | _aP101 | ||
| 526 | _aP100 | ||
| 526 | _aP96 | ||
| 526 | _aP95 | ||
| 526 | _aP93 | ||
| 526 | _aP92 | ||
| 526 | _aP91 | ||
| 526 | _aP88 | ||
| 526 | _aP83 | ||
| 526 | _aP82 | ||
| 526 | _aP79 | ||
| 526 | _aP78 | ||
| 526 | _aP75 | ||
| 526 | _aP74 | ||
| 526 | _aP71 | ||
| 526 | _aP69 | ||
| 526 | _a P51 | ||
| 526 | _aP49 | ||
| 526 | _aP48 | ||
| 526 | _aP47 | ||
| 526 | _aP33 | ||
| 526 | _aP31 | ||
| 526 | _a P30 | ||
| 526 | _aP29 | ||
| 526 | _aP27 | ||
| 526 | _aP26 | ||
| 526 | _aP25 | ||
| 526 | _aP24 | ||
| 526 | _a P22 | ||
| 526 | _aP10 | ||
| 526 | _aP09 | ||
| 526 | _a P08 | ||
| 526 | _aP06 | ||
| 526 | _aP05 | ||
| 526 | _aP04 | ||
| 526 | _aP01 | ||
| 541 | _g001-000077; | ||
| 650 | 1 | 4 |
_aEmpresas _xFinanzas _vManuales. |
| 700 | 1 |
_aRevello de Toro Cabello, José María, _ecoord. |
|
| 910 |
_agl _cjck _d20131031 |
||
| 942 |
_2ddc _cBOOK |
||
| 949 |
_a658.15 M22 _wDEWEY _c1 _i68847 _lCCODEBUL1 _mBUL _p104.00 _r0 _sY _tBOOK _u2015-7-6 _xFCE _PP08 _o.STAFF. Colección General |
||
| 994 |
_aC0 _bPEPRU |
||
| 596 | _a1 | ||
| 999 |
_a658.15 M22 _wDEWEY _c56059 _i68847 _d56059 _e2019-11-10 _f2021-11-8 _g5 _lCCODEBUL1 _mBUL _n2 _p104.00 _q2 _r0 _sY _tBOOK _u2015-7-6 _xFCE _PP08 _0COMPRA _o.STAFF. Colección General |
||
| 980 |
_81 _gALBERTO SANCHEZ Responsable de Automatización |
||